Kežmarskí poslanci sa nedali pritlačiť k múru

Bibliographic Details
Format: Article
Language:Slovak
ISSN:1210-2423
Subjects:

MARC

LEADER 00000nab a2200000 ar4500
001 vtls010624134
003 SK-MaSNL
005 20260303091011.0
008 140925c2014 xo wr|p|||||||000 b|slo
038 |a PPPK 
040 |a PPPKCL  |b slo  |c PPPKCL  |e AACR2 
041 0 |a slo 
044 |a xo  |c SK 
080 |a 614.2:725.511  |x (437.671.113.123)  |2 2001 
080 |a 347.453.3  |2 2001 
245 0 0 |a Kežmarskí poslanci sa nedali pritlačiť k múru  |c [autor] (plk) 
610 2 7 |a Kežmarok (Slovensko).  |b Mestské zastupiteľstvo  |2 pppkcl  |9 184974 
610 2 7 |a Nemocnica Dr. Vojtecha Alexandra (Kežmarok, Slovensko)  |2 pppkcl  |9 1036158 
650 0 7 |a nemocnice  |2 pppkcl  |9 3008 
650 0 7 |a prenájom  |2 pppkcl  |9 2668 
651 7 |a Kežmarok (Slovensko)  |2 pppkcl  |9 26808 
773 0 |t Podtatranské noviny  |g Roč. LIV, č. 35 (2014), s. 1  |x 1210-2423 
852 |a PPPK  |b KIS3GCP 
999 |c 1805751  |d 1807681